Đại Nam điển lệ toát yếu

Cùng với bộ "Khâm định Đại Nam hội điển sự lệ" tác phẩm này cũng giới thiệu một cách ngắn gọn sự hoạt động của các vương triều phong kiến Việt Nam, đặc biệt là triều nhà Nguyễn...

Fuld beskrivelse

Đã lưu trong:
Bibliografiske detaljer
Hovedforfatter: Nguyễn Sĩ Giác
Format: Bog
Sprog:Undetermined
Udgivet: Tp. HCM Nxb. Tp. HCM 1993
Fag:
Tags: Tilføj Tag
Ingen Tags, Vær først til at tagge denne postø!
Thư viện lưu trữ: Trung tâm Học liệu Trường Đại học Cần Thơ
LEADER 00839nam a2200193Ia 4500
001 CTU_5998
008 210402s9999 xx 000 0 und d
082 |a 351.809597 
082 |b Gi101 
100 |a Nguyễn Sĩ Giác 
245 0 |a Đại Nam điển lệ toát yếu 
245 0 |c Nguyễn Sĩ Giác 
260 |a Tp. HCM 
260 |b Nxb. Tp. HCM 
260 |c 1993 
520 |a Cùng với bộ "Khâm định Đại Nam hội điển sự lệ" tác phẩm này cũng giới thiệu một cách ngắn gọn sự hoạt động của các vương triều phong kiến Việt Nam, đặc biệt là triều nhà Nguyễn 
650 |a administrative law 
904 |i Nguyễn Quang Điền, 960807 
980 |a Trung tâm Học liệu Trường Đại học Cần Thơ